The influence of landscape architecture on the effectiveness of the university campus: (Record no. 162614)

MARC details
000 -LEADER
fixed length control field 00828nam a2200229 a 4500
008 - FIXED-LENGTH DATA ELEMENTS--GENERAL INFORMATION
fixed length control field
049 ## - LOCAL HOLDINGS (OCLC)
Holding library MAIN
090 ## - LOCALLY ASSIGNED LC-TYPE CALL NUMBER (OCLC); LOCAL CALL NUMBER (RLIN)
Classification number (OCLC) (R) ; Classification number, CALL (RLIN) (NR) NA2542
Local cutter number (OCLC) ; Book number/undivided call number, CALL (RLIN) ZAM
003 - CONTROL NUMBER IDENTIFIER
control field
005 - DATE AND TIME OF LATEST TRANSACTION
control field 20230123134240.0
040 ## - CATALOGING SOURCE
Transcribing agency NUST
100 1# - MAIN ENTRY--PERSONAL NAME
Personal name Zami, Mohammad Sharif
245 10 - TITLE STATEMENT
Title The influence of landscape architecture on the effectiveness of the university campus:
Remainder of title a case study of Zimbabwe/
Statement of responsibility, etc. Mohammad Sharif Zami.
260 ## - PUBLICATION, DISTRIBUTION, ETC.
Place of publication, distribution, etc. Bulawayo :
Name of publisher, distributor, etc. National University of Science and Technology,
Date of publication, distribution, etc. 2004.
300 ## - PHYSICAL DESCRIPTION
Extent 180 p. :
Other physical details col. ill. ;
Dimensions 30 cm.
504 ## - BIBLIOGRAPHY, ETC. NOTE
Bibliography, etc. note Includes bibliographical references.
500 ## - GENERAL NOTE
General note Thesis (M.PHIL)---NUST, Bulawayo, 2004.
650 ## - SUBJECT ADDED ENTRY--TOPICAL TERM
Topical term or geographic name entry element Landscape Architecture.
700 ## - ADDED ENTRY--PERSONAL NAME
Personal name NUST.
Numeration Dept Of Architecture.
Title of a work Thesis
907 ## - LOCAL DATA ELEMENT G, LDG (RLIN)
a .b10161648
b 26-09-13
c 20-04-05
942 ## - ADDED ENTRY ELEMENTS (KOHA)
Koha item type Ordinary Loan Books
Call number prefix NA2542
Call number suffix ZAM
Holdings
Date last seen Total Checkouts Full call number Barcode Cost, replacement price Price effective from Koha item type Lost status Source of classification or shelving scheme Damaged status Not for loan Collection Withdrawn status Home library Current library Shelving location Date acquired Cost, normal purchase price
01/23/2023 1 NA2542 ZAM 92004003524 80.00 01/23/2023 BOOKS   LCC     NFIC   MAIN MAIN GEN 01/23/2023 80.00